| 000 | 00428nam a22001817a 4500 | ||
|---|---|---|---|
| 003 | MPLRDC | ||
| 005 | 20220104114549.0 | ||
| 008 | 210129b ||||| |||| 00| 0 eng d | ||
| 082 | _a411.77 WXL c.2 | ||
| 100 | _a王新亮译 | ||
| 245 |
_a睡眠健康法 _c |
||
| 250 | _a初版 | ||
| 260 |
_a台湾 _b常春树书坊 _c1984 |
||
| 300 | _b190 | ||
| 490 | _a美的丛书. 67 | ||
| 650 | _a睡眠 | ||
| 942 |
_cBK _o411.77 WXL c.2 |
||
| 999 |
_c8465 _d8455 |
||